Limbus Company Identity Trivia - Heishou Pack, Mao Branch Adept Faust - Statistics

General Stats
  • This quiz has been taken 77 times
  • The average score is 11 of 15
Answer Stats
Hint Answer % Correct
The mao branch of the Heishou packs are based on what animal? Rabbit
95%
Faust’s clashable counter skill gives her the status effect: strider, mao, which applies which positive status effect to her? Haste
90%
When using her skill 1 at or above 10 speed, Faust is able to ___ the last coin. Reuse
90%
Faust’s “Tianjiu star blade” effect stack up to ___ and upon reaching maximum stacks, let her use an empowered skill 3. 10
89%
Heishou Faust primary applies this status ailment: Rupture
89%
Deathrite - fissure can be applied by Faust’s: Skill 3 - 2
89%
This identity mirrors which canto 8 character? Zilu
89%
Faust’s skill 2 is which sin affinity? Pride
87%
Faust is one of the few identities able to redirect skills after the chaining phase with her special ___ defense. Assist
75%
The Heishou, Mao branch has the most identities (so far), which branch has the least identities? You
67%
Contrary to the mirrored character, this identity can not utilize ___. Shin
61%
Heishou Faust and Heishou Yi sang are the only Heishou identities (so far) that are: Adepts
52%
Which type of skill is Faust’s assist defense? Clashable guard
52%
Shortly after her release, a nerf to Faust’s ability to generate this status effect was proposed but never implemented. Tianjiu star blade
28%
After her unique deathrite (fissure) expires, the target with the deathrite gains what status ailment? Mark of decay
18%
No matching quizzes found
Score Distribution
Percent of People with Each Score
Percentile by Number Answered
Your Score History
You have not taken this quiz